| 000 | 00802nam a2200217Ia 4500 | ||
|---|---|---|---|
| 999 |
_c38135 _d38135 |
||
| 003 | GCL | ||
| 005 | 20240530103300.0 | ||
| 008 | 140319s9999 xx 000 0 ara d | ||
| 040 |
_aGCL / _cGCL |
||
| 082 | 0 | 4 |
_a268.1 _bن ك |
| 100 | 1 | _aالنفرى , محمد بن عبدالجبار | |
| 245 | 1 | 0 |
_aكتاب المواقف لمحمد بن عبدالجبار بن الحسين النفرى ويلية كتاب المخاطبات له ايضا / _cالنفرى , محمد بن عبدالجبار |
| 260 |
_a[S.N] : _bدار الكتب المصرية ، _c1934 |
||
| 300 | _a504 ص | ||
| 650 | 0 | 4 | _aالفلسفة الاسلامية |
| 650 | 0 | 4 | _aالاسلام |
| 650 | 0 | 4 | _aالتصوف الاسلامى |
| 650 | 0 | 4 | _aالتصوف |
| 700 | 1 | _aاربرى، ارثر جون | |
| 942 |
_2ddc _cBK |
||